ბათუმის შოთა რუსთაველის სახელმწიფო უნივერსიტეტის ბიბლიოთეკა

სამხრეთ კავკასია. რეგიონული თანამშრომლობის პრობლემები და პერსპექტივები (ბიბ.ჩანაწერი № 34685)

000 -LEADER
fixed length control field 01189nam a2200229Ia 4500
001 - CONTROL NUMBER
control field 470
003 - CONTROL NUMBER IDENTIFIER
control field GE_BSU
008 - FIXED-LENGTH DATA ELEMENTS--GENERAL INFORMATION
fixed length control field 181216s||||||||xx |||||||||||||| ||und||
020 ## - INTERNATIONAL STANDARD BOOK NUMBER
International Standard Book Number 9789941029417
040 ## - CATALOGING SOURCE
Transcribing agency GE_BSU
080 ## - UNIVERSAL DECIMAL CLASSIFICATION NUMBER
Universal Decimal Classification number 32+338+008(479.22)(063)
245 ## - TITLE STATEMENT
Title სამხრეთ კავკასია. რეგიონული თანამშრომლობის პრობლემები და პერსპექტივები
245 ## - TITLE STATEMENT
Remainder of title სამეცნიერო კონფერენცია. ბათუმი, 16 ნოემბერი 2010 წელი. ბათუმის შოთა რუსთაველის სახ. უნ-ტი. ილიას უნ-ტის პოლიტოლოგიის ინსტიტუტი
260 ## - PUBLICATION, DISTRIBUTION, ETC.
Place of publication, distribution, etc. თბილისი
260 ## - PUBLICATION, DISTRIBUTION, ETC.
Date of publication, distribution, etc. 2010
300 ## - PHYSICAL DESCRIPTION
Extent 67 გვ.
653 ## - INDEX TERM--UNCONTROLLED
Uncontrolled term სამხრეთ კავკასიის ეკონომიკა
653 ## - INDEX TERM--UNCONTROLLED
Uncontrolled term სამხრეთ კავკასიის ისტორია
653 ## - INDEX TERM--UNCONTROLLED
Uncontrolled term სამხრეთ კავკასიის პოლიტიკა
942 ## - ADDED ENTRY ELEMENTS (KOHA)
Koha item type წიგნი
ეგზემპლარები
Withdrawn status Lost status Damaged status Not for loan Date acquired Barcode Date last seen Price effective from Koha item type Public note
        2018-12-17 1250 2018-12-17 2018-12-17 წიგნი დარბაზი